00524nam a2200109Ia 4500008004100000050002600041100002800067245019100095260008600286300002800372521001400400140724s9999 xx 000 0 und d aHF 5415.2b.M684 2012 aMitra, Anna Angelica M. 2aA marketing research and analysis :bdefining the competetiveness of Erjohn & Almark Transit Corp.'s new route from Mendez, Cavite to Mandaluyong City via EDSA /cAnna Angelica M. Mitra. aLas Piñas, Philippines :bSouthville International School and Colleges,cc2012. a68 p. :bill. ;c28 cm. aMarketing